| 000 | 01369nam a2200301 a 4500 | ||
|---|---|---|---|
| 001 | BRCA_3254 | ||
| 005 | 20190320204204.0 | ||
| 008 | 120309s1820----enka---###---#000-0#eng-# | ||
| 041 | _aeng | ||
| 044 | _aenk | ||
| 084 |
_a555 _b.R59 _c1820 |
||
| 100 | 1 |
_aCervantes Saavedra, Miguel de _d1547-1616 _9213 |
|
| 245 | 1 | 0 | _aThe Spirit of Cervantes or Don Quixote Abridged. |
| 260 |
_aLondres _bF. C. and J. Rivington _c1820 |
||
| 300 |
_axv, 310 p. _bil. a color _c26 cm. |
||
| 500 | _aContenido : Prefacio del traductor. Texto compendiado de la novela | ||
| 500 | _aEdición : Being a Selection of the Episodes and Incidents, with a Summary Sketch of the Story of that Popular Romance | ||
| 500 | _aVersión inglesa anonima, muy abreviada, dado que su autor condensó toda la novela en 18 capítulos, para la primera, y 16 para la segunda parte, coloco a la obra resulta muy mutilada y, además, sin ton ni son. Las láminas que la adornan son malas Lúdovik Osterc | ||
| 500 | _aQM105 | ||
| 546 | _aTexto en : inglés | ||
| 650 | 1 | 4 |
_aNovela española _yÉpoca clásica, 1500-1700 _9215 |
| 650 | 1 | 4 |
_aLiteratura española _yÉpoca clásica, 1500-1700 _9216 |
| 650 | 1 | 4 |
_aNovela española _ySiglo XVII _9217 |
| 650 | 1 | 4 |
_aDon Quijote (Personaje ficticio) _eNovela _9218 |
| 740 | 0 | _aEl Ingenioso Hidalgo Don Quijote de la Mancha | |
| 902 | _aQFM | ||
| 942 |
_2lcc _cB |
||
| 999 |
_c2990 _d2990 |
||